Bretónske ponímanie vlastnej identity

Bibliographic Details
Main Author: Šoltésová, Danica, 1954- (Author)
Format: Article
Language:Slovak
ISSN:0044-8680
Subjects:

MARC

LEADER 00000nab a2200000 a 4500
001 vtls000747590
003 SK-MaSNL
005 20260302191744.0
008 180206c2000 xo 0 slo
015 |a SNBRB2001/02-02814 
035 |a CLN000099420 
040 |a SNKBUCL  |b slo  |c SNKBUCL  |e AACR2 
041 0 |a slo 
044 |a xo  |c SK 
080 |a 72(44)"1904-1945"(048)  |2 UDC-MRF-SK2 
100 1 |a Šoltésová, Danica,  |d 1954-  |4 aut  |9 211455 
245 1 0 |a Bretónske ponímanie vlastnej identity  |c Danica Šoltésová 
650 0 7 |a architektúra  |z Bretónsko (Francúzsko)  |y 1904-1945  |x monografie  |x recenzie  |2 snkbucl  |9 907798 
655 7 |a články z novín a časopisov  |2 snkbucl  |9 267496 
773 0 |x 0044-8680  |t Architektúra & urbanizmus  |g Roč. 34, č. 1-2 (2000), s. 80-82 
787 0 8 |i Rec.:  |a Le Couédic, Daniel : Société d'Historie et d'Archéologie de Bretagne : Archives Modernes d'Architecture de Bretagne, 1995  |t Les architectes et l'ideé Bretonne 1904-1945 
850 |a Slovenská národná knižnica v Martine 
852 |a SNK  |b KIS3GCP 
958 |a RBX 
999 |c 1438413  |d 1440343